[Event "LSS ZN-2023-0-04471"]
[Site "LSS email"]
[Date "2023.03.27"]
[Round "?"]
[White "Ventura, Bob"]
[Black "Heiser, Jerome"]
[Result "1-0"]
[WhiteElo "708"]
[BlackElo "623"]
[PlyCount "71"]
[EventDate "2023.03.03"]
[EventType "match (corr)"]
[EventRounds "2"]
[EventCountry "GER"]
[SourceTitle "Corr 2024"]
[Source "ChessBase"]
[SourceDate "2023.10.19"]
[SourceVersion "1"]
[SourceVersionDate "2023.10.19"]
[SourceQuality "1"]

1. e4 e5 2. Nf3 Nc6 3. a3 Nf6 4. Nc3 Bc5 5. h3 d6 6. Bc4 Nd4 7. Nxd4 Bxd4 8. d3 h6 9. Bd2 0-0 10. 0-0 Re8 11. Kh1 Be6 12. Bb3 Bxb3 13. cxb3 a6 14. f4 b5 15. f5 d5 16. exd5 Nxd5 17. Qc1 Bxc3 18. bxc3 e4 19. dxe4 Nf6 20. Bf4 Rxe4 21. Bh2 c5 22. Rd1 Qe7 23. Qc2 Re2 24. Qd3 Rd8 25. Qxd8+ Qxd8 26. Rxd8+ Kh7 27. Ra8 Rc2 28. Be5 Nd7 29. Re1 Nxe5 30. Rxe5 Rxc3 31. Rxa6 b4 32. axb4 cxb4 33. Ra7 f6 34. Ree7 Rc5 35. Rxg7+ Kh8 36. Rg6 1-0

[Event "OP-2022-0-05332"]
[Site "LSS email"]
[Date "2022.09.23"]
[Round "?"]
[White "Heiser, Jerome"]
[Black "Reel, Silas"]
[Result "1-0"]
[WhiteElo "676"]
[BlackElo "800"]
[PlyCount "59"]
[EventDate "2022.09.18"]
[EventType "tourn (corr)"]
[EventRounds "4"]
[EventCountry "GER"]
[SourceTitle "Corr 2024"]
[Source "ChessBase"]
[SourceDate "2023.10.19"]
[SourceVersion "1"]
[SourceVersionDate "2023.10.19"]
[SourceQuality "1"]

1. e4 e5 2. Nf3 Nc6 3. Nc3 Nf6 4. Bc4 Bc5 5. Nd5 Nxe4 6. 0-0 0-0 7. d3 Nf6 8. Bg5 Be7 9. Bxf6 Bxf6 10. Re1 d6 11. a3 Kh8 12. h3 Ne7 13. d4 Nxd5 14. Bxd5 exd4 15. Rb1 c6 16. Bb3 c5 17. Bd5 Rb8 18. b4 b6 19. Qd3 g6 20. b5 Bb7 21. Bc6 Bxc6 22. bxc6 Rc8 23. Qa6 Rc7 24. a4 Qc8 25. Qxc8 Rcxc8 26. a5 Rxc6 27. axb6 Rxb6 28. Nd2 Rfb8 29. g3 Rxb1 30. Nxb1 1-0

[Event "OP-2022-0-05331"]
[Site "LSS email"]
[Date "2022.09.18"]
[Round "?"]
[White "Heiser, Jerome"]
[Black "Farr, Dorota"]
[Result "0-1"]
[WhiteElo "702"]
[BlackElo "1539"]
[PlyCount "36"]
[EventDate "2022.09.15"]
[EventType "tourn (corr)"]
[EventRounds "4"]
[EventCountry "GER"]
[SourceTitle "Corr 2024"]
[Source "ChessBase"]
[SourceDate "2023.10.19"]
[SourceVersion "1"]
[SourceVersionDate "2023.10.19"]
[SourceQuality "1"]

1. e4 e5 2. Nf3 Nc6 3. Nc3 Nf6 4. Bc4 Nxe4 5. Nxe4 d5 6. Bb5 dxe4 7. Bxc6+ bxc6 8. Qe2 exf3 9. Qxe5+ Be7 10. gxf3 0-0 11. a3 Re8 12. d3 Bb4+ 13. axb4 Rxe5+ 14. Be3 Qd4 15. 0-0-0 Qxb4 16. Bd2 Qa4 17. c3 Rb8 18. d4 Bf5 0-1

[Event "OP-2022-0-05305"]
[Site "LSS email"]
[Date "2022.07.01"]
[Round "?"]
[White "Heiser, Jerome"]
[Black "Yaltirik, Osman"]
[Result "1-0"]
[WhiteElo "660"]
[BlackElo "1600"]
[PlyCount "21"]
[EventDate "2022.06.27"]
[EventType "tourn (corr)"]
[EventRounds "4"]
[EventCountry "GER"]
[SourceTitle "Corr 2024"]
[Source "ChessBase"]
[SourceDate "2023.10.19"]
[SourceVersion "1"]
[SourceVersionDate "2023.10.19"]
[SourceQuality "1"]

1. e4 c5 2. Bc4 e6 3. Nc3 Nc6 4. Nf3 a6 5. d3 Nf6 6. Bg5 h6 7. Bh4 g5 8. Bg3 b5 9. Bb3 d5 10. a3 Bg7 11. Ne5 1-0

[Event "OP-2022-0-05305"]
[Site "LSS email"]
[Date "2022.07.01"]
[Round "?"]
[White "Holm, Gustav"]
[Black "Heiser, Jerome"]
[Result "1-0"]
[WhiteElo "800"]
[BlackElo "660"]
[PlyCount "39"]
[EventDate "2022.06.27"]
[EventType "tourn (corr)"]
[EventRounds "4"]
[EventCountry "GER"]
[SourceTitle "Corr 2024"]
[Source "ChessBase"]
[SourceDate "2023.10.19"]
[SourceVersion "1"]
[SourceVersionDate "2023.10.19"]
[SourceQuality "1"]

1. d4 d5 2. Nf3 Bf5 3. c4 dxc4 4. Nc3 Nf6 5. e3 h6 6. Bxc4 Ne4 7. Qb3 e6 8. Qxb7 Nd7 9. Nxe4 Nb6 10. Bb5+ Ke7 11. Ne5 Bxe4 12. Qxe4 Qd5 13. Qd3 Kf6 14. 0-0 Bd6 15. e4 Qb7 16. Qf3+ Ke7 17. Qxf7+ Kd8 18. Qxe6 Bxe5 19. dxe5 Nd5 20. Qd7# 1-0

[Event "OP-2022-0-05304"]
[Site "LSS email"]
[Date "2022.06.28"]
[Round "?"]
[White "Heiser, Jerome"]
[Black "Paul, Jim"]
[Result "0-1"]
[WhiteElo "648"]
[BlackElo "2003"]
[PlyCount "28"]
[EventDate "2022.06.25"]
[EventType "tourn (corr)"]
[EventRounds "4"]
[EventCountry "GER"]
[SourceTitle "Corr 2024"]
[Source "ChessBase"]
[SourceDate "2023.10.19"]
[SourceVersion "1"]
[SourceVersionDate "2023.10.19"]
[SourceQuality "1"]

1. e4 e6 2. d4 d5 3. e5 c5 4. c3 Nc6 5. Nf3 Nge7 6. Bb5 Bd7 7. Bxc6 Nxc6 8. Qb3 cxd4 9. cxd4 Qa5+ 10. Bd2 Qa6 11. a4 Rc8 12. Nc3 Nb4 13. h3 Nd3+ 14. Kf1 Nc5+ 0-1

[Event "OP-2022-0-05300"]
[Site "LSS email"]
[Date "2022.06.19"]
[Round "?"]
[White "Swiatek, Janusz"]
[Black "Heiser, Jerome"]
[Result "1-0"]
[WhiteElo "1996"]
[BlackElo "644"]
[PlyCount "57"]
[EventDate "2022.06.12"]
[EventType "tourn (corr)"]
[EventRounds "4"]
[EventCountry "GER"]
[SourceTitle "Corr 2024"]
[Source "ChessBase"]
[SourceDate "2023.10.19"]
[SourceVersion "1"]
[SourceVersionDate "2023.10.19"]
[SourceQuality "1"]

1. d3 e5 2. Nf3 Nc6 3. c4 d5 4. cxd5 Qxd5 5. Nc3 Qe6 6. g3 Bb4 7. Bg2 Bxc3+ 8. bxc3 e4 9. Ng5 Qe5 10. Qb3 Nh6 11. Nxe4 Na5 12. Qa3 Nc6 13. Bf4 Qe7 14. Qxe7+ Nxe7 15. Bxc7 Nef5 16. Rb1 a6 17. h3 Ra7 18. Bb6 Ra8 19. Bc5 f6 20. g4 Nh4 21. Nd6+ Kd7 22. Be4 Ng2+ 23. Bxg2 Kc7 24. Nxb7 Bxb7 25. Rxb7+ Kc8 26. Bd6 Rd8 27. Rc7+ Kb8 28. Bh2 g5 29. Re7+ 1-0

[Event "OP-2022-0-05293"]
[Site "LSS email"]
[Date "2022.05.28"]
[Round "?"]
[White "Holm, Gustav"]
[Black "Heiser, Jerome"]
[Result "1-0"]
[WhiteElo "800"]
[BlackElo "660"]
[PlyCount "39"]
[EventDate "2022.05.28"]
[EventType "tourn (corr)"]
[EventRounds "4"]
[EventCountry "GER"]
[SourceTitle "Corr 2024"]
[Source "ChessBase"]
[SourceDate "2023.10.19"]
[SourceVersion "1"]
[SourceVersionDate "2023.10.19"]
[SourceQuality "1"]

1. d4 d5 2. Nf3 Nf6 3. c4 e6 4. Nc3 Bb4 5. cxd5 Nxd5 6. Qc2 h6 7. e4 Nf6 8. Bc4 0-0 9. e5 Nd5 10. 0-0 Nc6 11. a3 Bxc3 12. bxc3 a6 13. Ba2 Na7 14. Bb1 g6 15. Bxh6 Re8 16. Bg5 Qd7 17. c4 Nb6 18. Bf6 Qc6 19. Qd2 Nxc4 20. Qh6 1-0

[Event "LSS No Engine Cup 227 Preliminary 0"]
[Site "LSS email"]
[Date "2022.05.26"]
[Round "?"]
[White "Langheld, Werner"]
[Black "Heiser, Jerome"]
[Result "1-0"]
[WhiteElo "2167"]
[BlackElo "747"]
[PlyCount "37"]
[EventDate "2022.05.26"]
[EventType "tourn (corr)"]
[EventRounds "6"]
[EventCountry "GER"]
[SourceTitle "Corr 2024"]
[Source "ChessBase"]
[SourceDate "2023.10.19"]
[SourceVersion "1"]
[SourceVersionDate "2023.10.19"]
[SourceQuality "1"]

1. e4 e5 2. Nf3 Nc6 3. Nc3 Bc5 4. Nxe5 Bxf2+ 5. Kxf2 Nxe5 6. d4 Qf6+ 7. Kg1 Ng6 8. h4 Qb6 9. Nd5 Qd6 10. h5 N6e7 11. Bf4 Qc6 12. Nxc7+ Kf8 13. Nxa8 d6 14. Bd3 b6 15. Qf3 Bb7 16. Rf1 Bxa8 17. h6 g6 18. Be5 dxe5 19. Qxf7# 1-0